000 00468nam a2200121Ia 4500
008 160712s9999 xx 000 0 und d
100 _aDuaqui, Yellowbelle d.M.
245 _cYellowbelle d.M. Duaqui
_aFrom Marcos to Aquino Governments: State Sponsorship of Diaspora Philanthropy
260 _c2013
_bPhilippine Social Sciences Review
300 _avol. 65 no. 2
650 _xSOCIAL SCIENCE
856 _uhttp://journals.upd.edu.ph/index.php/pssr/issue/view/444/showToc
999 _c297379
_d297379